| 000 | 00843nam a2200205Ia 4500 | ||
|---|---|---|---|
| 999 |
_c38826 _d38826 |
||
| 001 | 5233 | ||
| 003 | GE_BSU | ||
| 005 | 20190628172511.0 | ||
| 008 | 181216s1962|||| |||||||||||||| ||ge || | ||
| 041 | _ageo | ||
| 080 | _a621.7/9+669.02(075.8) ჯ-93 | ||
| 100 |
_aჯუღელი, კ. ი. _93076 |
||
| 245 |
_aლითონთა ტექნოლოგია : დამხმ. სახელმძღვ. / _cკ.ი. ჯუღელი ; რედ : მ.ა.მახათაძე. |
||
| 264 |
_aთბილისი : _bსპი, _c1962. |
||
| 300 |
_a420გვ;ილ; _bნახაზ. _c27 სმ. |
||
| 504 | _aბიბლიოგრ.:გვ.414 | ||
| 653 | _aლითონთა ტექნოლოგია | ||
| 700 |
_aმახათაძე, ა _eრედაქტორი _93077 |
||
| 942 |
_cBK _2udc |
||